[Event "TCh-FRA Top 16 GpA 2023"]
[Site "Chartres FRA"]
[Date "2023.06.02"]
[Round "2.2"]
[Board "6"]
[White "Maugenest, Ghislain"]
[Black "Benitah, Yohan"]
[Result "1/2-1/2"]
[BlackTitle "IM"]
[WhiteElo "2212"]
[BlackElo "2361"]
[WhiteTeam "Cappelle la Grande"]
[BlackTeam "Lyon Olympique Echecs"]
[WhiteFideId "36029483"]
[BlackFideId "609560"]
[EventDate "2023.06.01"]

1. d4 d5 2. c4 c6 3. Nc3 Nf6 4. Nf3 dxc4 5. e4 b5 6. Be2 e6 7. O-O Be7 8. a4 Qa5
9. Ne5 O-O 10. Be3 b4 11. Nxc4 Qd8 12. e5 Nd5 13. Ne4 Ba6 14. Rc1 Nd7 15. Qd2
Bxc4 16. Bxc4 Nxe3 17. Qxe3 Nb6 18. Bb3 Nd5 19. Qd2 Rc8 20. Rc2 Qb6 21. Rfc1
Rfd8 22. g3 h6 23. h4 Rc7 24. Kg2 Bf8 25. Rc4 a5 26. h5 Qb7 27. Qd3 c5 28. Qf3
Nb6 29. Rxc5 Bxc5 30. dxc5 Nd5 31. Nd6 Qc6 32. Bc2 Rf8 33. Be4 Qxa4 34. c6 Rxc6
35. b3 Rxc1 36. bxa4 Rc3 37. Qd1 b3 38. Bxd5 exd5 39. Qxd5 b2 40. Qb7 Rc2 41.
Qb3 Re2 42. Nc4 Rc8 43. Nxb2 Rxe5 44. Nc4 Rxh5 45. Nd6 Rf8 46. f4 Rc5 47. Qb6
Rd5 48. Nb5 Rc8 49. Qxa5 h5 50. Kf3 Re8 51. Qc3 Red8 52. Qc4 Rd3+ 53. Kf2 Rd2+
54. Ke3 Rd1 55. Nc3 Re1+ 56. Kf3 Rc1 57. a5 Ra1 58. a6 Ra3 59. Ke4 Re8+ 60. Kd4
Rd8+ 61. Ke5 Ra5+ 62. Nd5 Ra8 63. Ke4 R5xa6 64. Qc7 Re6+ 65. Kd4 Ra4+ 66. Kc5
Rae4 67. Qd8+ Re8 68. Qg5 R4e6 69. Qxh5 Rc8+ 70. Kd4 Rd8 71. Kc5 Rc8+ 72. Kb5
Rb8+ 73. Kc4 Rc8+ 74. Kb3 Rb8+ 75. Kc2 Rc8+ 76. Kb2 Rb8+ 77. Kc3 Rc8+ 78. Kd4
Rd8 79. g4 Red6 80. Qe5 f6 81. Qe4 Rxd5+ 82. Qxd5+ Rxd5+ 83. Kxd5 Kf7 84. Kd6
Kf8 85. Ke6 Ke8 86. Kd6 Kf7 87. Kd7 Kf8 88. Ke6 Ke8 89. Kd6 1/2-1/2

[Event "TCh-FRA Top 16 GpA 2023"]
[Site "Chartres FRA"]
[Date "2023.06.02"]
[Round "2.2"]
[Board "7"]
[White "Tahay, Alexis"]
[Black "Jossien, Arnaud"]
[Result "1-0"]
[WhiteTitle "IM"]
[BlackTitle "FM"]
[WhiteElo "2421"]
[BlackElo "2268"]
[WhiteTeam "Lyon Olympique Echecs"]
[BlackTeam "Cappelle la Grande"]
[WhiteFideId "26090961"]
[BlackFideId "605948"]
[EventDate "2023.06.01"]

1. e4 e5 2. Nf3 Nc6 3. Bb5 Nge7 4. O-O g6 5. d4 exd4 6. Nxd4 Bg7 7. Be3 O-O 8.
Nc3 d5 9. exd5 Nxd5 10. Nxc6 bxc6 11. Nxd5 cxb5 12. Bc5 Re8 13. Qf3 c6 14. Nb4
Bb7 15. Rad1 Qg5 16. Rd7 f6 17. Qb3+ Kh8 18. Qf7 Rg8 19. Be3 Qh4 20. Rd4 Qh5 21.
Qxb7 c5 22. Rd5 1-0

[Event "TCh-FRA Top 16 GpA 2023"]
[Site "Chartres FRA"]
[Date "2023.06.02"]
[Round "2.2"]
[Board "8"]
[White "Lam, Sophie"]
[Black "Rollot, Florence"]
[Result "0-1"]
[WhiteElo "2076"]
[BlackElo "2018"]
[WhiteTeam "Cappelle la Grande"]
[BlackTeam "Lyon Olympique Echecs"]
[WhiteFideId "633704"]
[BlackFideId "26016060"]
[EventDate "2023.06.01"]

1. e4 d5 2. exd5 Qxd5 3. Nc3 Qa5 4. d4 Nf6 5. Nf3 Bf5 6. Ne5 c6 7. Bc4 e6 8. g4
Bg6 9. Bd2 Bb4 10. Qe2 Nbd7 11. h4 Nxe5 12. dxe5 Nd7 13. h5 Bxc2 14. Rc1 Ba4 15.
a3 Bxc3 16. Bxc3 Qb6 17. O-O a6 18. Qe4 Bb5 19. Rfd1 Bxc4 20. Qxc4 O-O-O 21. a4
Qc7 22. Qe4 h6 23. Qe1 Rdg8 24. Rd6 Nb8 25. Ba5 b6 26. Qe4 Kb7 27. Bb4 g6 28.
hxg6 Rxg6 29. Rd4 h5 30. Bd6 Qc8 31. Qf3 Rxg4+ 32. Rxg4 hxg4 33. Qxf7+ Qd7 34.
Qg6 Qe8 35. Qg5 Nd7 36. Rc4 Rg8 37. Qf4 Qg6 38. Kg2 Qh7 39. Qg3 Rh8 40. Kf1 Qh1+
41. Ke2 Qb1 42. Qxg4 Qxb2+ 43. Kf3 Nxe5+ 44. Bxe5 Qxe5 45. Rf4 Qh5 46. Rf6 Qxg4+
47. Kxg4 Re8 48. Rf7+ Kc8 49. Kf4 e5+ 50. Ke4 a5 51. Rh7 Kb8 52. Rg7 Kc8 53. Rh7
Rf8 54. Kxe5 Rxf2 55. Rh8+ Kd7 56. Rh7+ Ke8 57. Rb7 Rb2 58. Ke6 Kd8 59. Kd6 Kc8
60. Rc7+ Kb8 61. Rh7 Rc2 62. Rh8+ Kb7 63. Rh7+ Ka6 64. Rh8 Rc4 65. Rb8 Rxa4 66.
Kxc6 Rc4+ 67. Kd5 Rc5+ 68. Kd4 Kb5 69. Ra8 Kb4 70. Ra7 Rc1 71. Kd3 b5 72. Kd2
Rc4 0-1

[Event "TCh-FRA Top 16 GpA 2023"]
[Site "Chartres FRA"]
[Date "2023.06.02"]
[Round "2.3"]
[Board "1"]
[White "Van Foreest, Lucas"]
[Black "Donchenko, Alexander"]
[Result "1/2-1/2"]
[WhiteTitle "GM"]
[BlackTitle "GM"]
[WhiteElo "2547"]
[BlackElo "2667"]
[WhiteTeam "Tremblay en France"]
[BlackTeam "Vandoeuvre Echecs"]
[WhiteFideId "1039792"]
[BlackFideId "24603295"]
[EventDate "2023.06.01"]

1. e4 c5 2. Nf3 e6 3. d4 cxd4 4. Nxd4 Nc6 5. Nc3 Qc7 6. Nxc6 dxc6 7. f4 e5 8. f5
Nf6 9. Qf3 b5 10. g4 Bb7 11. g5 Nd7 12. Bd2 Bc5 13. O-O-O O-O-O 14. Ne2 Nb6 15.
Ng3 Kb8 16. Be2 Qe7 17. h4 Na4 18. Kb1 Bd4 19. c3 Bb6 20. Rhf1 f6 21. Nh5 Rd6
22. Bc1 Rhd8 23. Rxd6 Rxd6 24. Rd1 Rxd1 25. Bxd1 Nc5 26. Bc2 Nd7 27. Qg3 Bc8 28.
g6 hxg6 29. Qxg6 Bf2 30. Nxg7 Bxh4 31. Be3 Nb6 32. Qh6 Nc4 33. Bc1 Bf2 34. Nh5
Bh4 35. Ng7 Bf2 36. Nh5 Bh4 1/2-1/2

[Event "TCh-FRA Top 16 GpA 2023"]
[Site "Chartres FRA"]
[Date "2023.06.02"]
[Round "2.3"]
[Board "2"]
[White "Brunner, Nicolas"]
[Black "Vlachos, Anatole"]
[Result "0-1"]
[WhiteTitle "IM"]
[BlackTitle "IM"]
[WhiteElo "2424"]
[BlackElo "2448"]
[WhiteTeam "Vandoeuvre Echecs"]
[BlackTeam "Tremblay en France"]
[WhiteFideId "620246"]
[BlackFideId "26093189"]
[EventDate "2023.06.01"]

1. d4 f5 2. g3 Nf6 3. Bg2 e6 4. c4 Be7 5. Nf3 O-O 6. O-O d6 7. Nc3 Ne4 8. Nxe4
fxe4 9. Nd2 d5 10. f3 Nc6 11. fxe4 Rxf1+ 12. Kxf1 dxc4 13. Nf3 b5 14. Be3 Qe8
15. Kg1 Bb7 16. a4 a6 17. axb5 axb5 18. Rxa8 Bxa8 19. Bf4 Nd8 20. d5 exd5 21.
exd5 Bf6 22. b3 c3 23. Bxc7 Qe4 24. Bxd8 c2 25. Qd2 Bb2 26. Bg5 c1=Q+ 27. Qxc1
Bxc1 28. Bxc1 Qb1 0-1

[Event "TCh-FRA Top 16 GpA 2023"]
[Site "Chartres FRA"]
[Date "2023.06.02"]
[Round "2.3"]
[Board "3"]
[White "Shchekachev, Andrei"]
[Black "Solodovnichenko, Yuri"]
[Result "1/2-1/2"]
[WhiteTitle "GM"]
[BlackTitle "GM"]
[WhiteElo "2508"]
[BlackElo "2503"]
[WhiteTeam "Tremblay en France"]
[BlackTeam "Vandoeuvre Echecs"]
[WhiteFideId "4107730"]
[BlackFideId "14104369"]
[EventDate "2023.06.01"]

1. Nf3 Nf6 2. g3 d5 3. Bg2 c6 4. O-O Bg4 5. d3 e6 6. c4 dxc4 7. dxc4 Nbd7 8. Nc3
Bc5 9. Na4 Be7 10. Be3 O-O 11. Qb3 Qc7 12. Rfd1 Rfd8 13. Rac1 h6 14. Qc3 Ne4 15.
Qe1 Ng5 16. Nxg5 hxg5 17. b4 Nb6 18. Rxd8+ Rxd8 19. Nc5 Bf5 20. b5 Bxc5 21. Bxc5
cxb5 22. cxb5 Qd7 23. e4 Bg6 24. e5 Rc8 25. Bxb6 Rxc1 26. Qxc1 axb6 27. Qxg5
Qd1+ 28. Bf1 Be4 29. Qe3 Bd5 30. Qd3 Qa1 31. Qe2 Bxa2 32. h4 Bd5 33. Kh2 Bf3 34.
Qd3 Be4 35. Qe2 Bf3 36. Qd3 Be4 1/2-1/2

[Event "TCh-FRA Top 16 GpA 2023"]
[Site "Chartres FRA"]
[Date "2023.06.02"]
[Round "2.3"]
[Board "4"]
[White "Hamitevici, Vladimir"]
[Black "Abergel, Thal"]
[Result "1-0"]
[WhiteTitle "GM"]
[BlackTitle "GM"]
[WhiteElo "2493"]
[BlackElo "2373"]
[WhiteTeam "Vandoeuvre Echecs"]
[BlackTeam "Tremblay en France"]
[WhiteFideId "13902393"]
[BlackFideId "614890"]
[EventDate "2023.06.01"]

1. d4 d5 2. c4 c6 3. Nf3 Nf6 4. Qb3 dxc4 5. Qxc4 e6 6. g3 Be7 7. Bg2 O-O 8. O-O
b6 9. Rd1 Bb7 10. Ne5 Qc8 11. e4 Nbd7 12. Nxd7 Nxd7 13. Nc3 Rd8 14. Bf4 Nf6 15.
Rac1 h6 16. Qe2 Qd7 17. g4 Rac8 18. h4 Nh7 19. Bg3 Qe8 20. e5 Ba8 21. f4 c5 22.
d5 exd5 23. Nxd5 Bf8 24. Rc2 b5 25. b3 a6 26. Bf3 Kh8 27. f5 Bxd5 28. Bxd5 c4
29. bxc4 bxc4 30. Bxc4 Rxd1+ 31. Qxd1 Rd8 32. Qe2 h5 33. g5 g6 34. Kh2 Bg7 35.
f6 Bf8 36. e6 Rd4 37. e7 Bh6 38. Bxf7 1-0

[Event "TCh-FRA Top 16 GpA 2023"]
[Site "Chartres FRA"]
[Date "2023.06.02"]
[Round "2.3"]
[Board "5"]
[White "Flom, Gabriel"]
[Black "Decuigniere, Tom"]
[Result "1/2-1/2"]
[WhiteTitle "GM"]
[BlackTitle "FM"]
[WhiteElo "2442"]
[BlackElo "2375"]
[WhiteTeam "Tremblay en France"]
[BlackTeam "Vandoeuvre Echecs"]
[WhiteFideId "621650"]
[BlackFideId "26093820"]
[EventDate "2023.06.01"]

1. d4 Nf6 2. c4 e6 3. Nf3 d5 4. Nc3 Bb4 5. Bg5 h6 6. Bxf6 Qxf6 7. Qa4+ Nc6 8. e3
O-O 9. Be2 dxc4 10. O-O Bd7 11. Bxc4 Rfd8 12. Ne4 Qg6 13. Qc2 Bd6 14. a3 e5 15.
d5 Ne7 16. Rfc1 Rac8 17. Nxd6 Qxd6 18. Qe4 Bf5 19. Qxe5 Qxe5 20. Nxe5 Nxd5 21.
Rd1 Be6 22. Rd2 Nb6 23. Rxd8+ Rxd8 24. Bxe6 fxe6 25. h4 Rd2 26. Rc1 c6 27. b4
Rd5 28. f4 Nd7 29. Nxd7 Rxd7 30. Kf2 Rd5 31. g4 Kf7 32. Kf3 a5 33. Ke4 axb4 34.
axb4 Rb5 35. Rc4 g6 36. Kd3 Ke7 37. e4 Kd6 38. e5+ Ke7 39. Ke4 Rd5 40. f5 gxf5+
41. gxf5 exf5+ 42. Kxf5 h5 43. Rc5 Rd4 44. b5 Rxh4 45. bxc6 bxc6 46. Rxc6 Rh1
47. Rc7+ Kd8 48. Rh7 h4 49. Ke6 h3 50. Rh8+ Kc7 51. Ke7 Re1 52. e6 Re3 53. Kf7
Kd6 54. Rh6 h2 55. Rxh2 Rf3+ 56. Ke8 Kxe6 1/2-1/2

[Event "TCh-FRA Top 16 GpA 2023"]
[Site "Chartres FRA"]
[Date "2023.06.02"]
[Round "2.3"]
[Board "6"]
[White "Savina, Anastasia"]
[Black "Mekhane, Adam"]
[Result "1/2-1/2"]
[WhiteTitle "IM"]
[BlackTitle "FM"]
[WhiteElo "2341"]
[BlackElo "2254"]
[WhiteTeam "Vandoeuvre Echecs"]
[BlackTeam "Tremblay en France"]
[WhiteFideId "4196872"]
[BlackFideId "36050601"]
[EventDate "2023.06.01"]

1. d4 Nf6 2. c4 e6 3. Nf3 d5 4. Nc3 Bb4 5. Bg5 h6 6. Bxf6 Qxf6 7. e3 O-O 8. Rc1
Nc6 9. a3 Bxc3+ 10. Rxc3 dxc4 11. Bxc4 e5 12. dxe5 Nxe5 13. Nxe5 Qxe5 14. O-O
Qe7 15. Qh5 c6 16. f4 Be6 17. Qe5 Rfe8 18. Bxe6 Qxe6 19. Qxe6 fxe6 20. Rd1 Rad8
21. Rcd3 Rxd3 22. Rxd3 Kf7 23. Kf2 Ke7 24. Kf3 c5 25. Ke4 Rc8 26. Rb3 b6 27. a4
c4 28. Rc3 a6 29. g4 b5 30. axb5 axb5 31. Ra3 Kf6 32. Ra6 b4 33. Ra4 c3 34. bxc3
bxc3 35. Ra1 Rd8 36. Rc1 Rd2 37. Rxc3 Rxh2 38. Rc1 Rh3 39. Rg1 g6 40. g5+ hxg5
41. fxg5+ Ke7 42. Ra1 Rg3 43. Ra7+ Kd6 44. Ra6+ Ke7 45. Kf4 Rg1 46. e4 e5+ 47.
Kxe5 Rxg5+ 48. Kd4 Rb5 49. Rxg6 Ra5 50. Ke3 Rb5 51. Kf4 Ra5 52. e5 Ra1 53. Rg7+ 1/2-1/2

[Event "TCh-FRA Top 16 GpA 2023"]
[Site "Chartres FRA"]
[Date "2023.06.02"]
[Round "2.3"]
[Board "7"]
[White "Kuhn, Clement"]
[Black "Philippe, Christophe"]
[Result "1-0"]
[WhiteTitle "FM"]
[BlackTitle "IM"]
[WhiteElo "2313"]
[BlackElo "2347"]
[WhiteTeam "Tremblay en France"]
[BlackTeam "Vandoeuvre Echecs"]
[WhiteFideId "36099775"]
[BlackFideId "610038"]
[EventDate "2023.06.01"]

1. e4 c5 2. Nf3 Nc6 3. Bb5 g6 4. O-O Bg7 5. c3 Nf6 6. Re1 O-O 7. d4 d5 8. e5 Ne4
9. Be3 cxd4 10. cxd4 Qb6 11. Bxc6 bxc6 12. Qc1 Rb8 13. b3 Bd7 14. Nfd2 Nxd2 15.
Qxd2 f6 16. e6 Bc8 17. Nc3 Qa5 18. Rac1 f5 19. Bf4 Ra8 20. Rc2 Bf6 21. Be5 Qd8
22. Bf4 Qb6 23. Be5 Bxe6 24. Na4 Qd8 25. Bxf6 Rxf6 26. Rxc6 Bf7 27. Rxf6 exf6
28. Nc5 Qd6 29. g3 Kg7 30. b4 Rb8 31. a4 g5 32. b5 f4 33. Qa5 Qb6 34. Qxb6 axb6
35. Na6 Rb7 36. gxf4 gxf4 37. Rc1 Re7 38. Nc7 Re2 39. Na8 Ra2 40. Nxb6 Kg6 41.
Rb1 Kg5 42. Nd7 Bg6 43. Rb3 f3 44. h4+ Kxh4 45. b6 Ra1+ 46. Kh2 Rf1 47. b7 Rxf2+
48. Kg1 Rg2+ 49. Kf1 1-0

[Event "TCh-FRA Top 16 GpA 2023"]
[Site "Chartres FRA"]
[Date "2023.06.02"]
[Round "2.4"]
[Board "1"]
[White "Ragger, Markus"]
[Black "Sanikidze, Tornike"]
[Result "1/2-1/2"]
[WhiteTitle "GM"]
[BlackTitle "GM"]
[WhiteElo "2631"]
[BlackElo "2491"]
[WhiteTeam "Bischwiller"]
[BlackTeam "C.E.Strasbourg"]
[WhiteFideId "1610856"]
[BlackFideId "13602608"]
[EventDate "2023.06.01"]

1. e4 e5 2. Nf3 Nc6 3. Bc4 Bc5 4. c3 Nf6 5. d3 d6 6. O-O h6 7. Re1 O-O 8. Nbd2
a5 9. Nf1 a4 10. Bb5 a3 11. b4 Bb6 12. Ng3 Ne7 13. h3 c6 14. Ba4 Ng6 15. d4 d5
16. Nxe5 Nxe5 17. dxe5 Nxe4 18. Nxe4 dxe4 19. Rxe4 Bf5 20. Re2 Qh4 21. Bc2 Rfd8
22. Qe1 Bxh3 23. gxh3 Qg3+ 24. Kh1 Qxh3+ 25. Kg1 Qg3+ 26. Kf1 Qh3+ 27. Kg1 1/2-1/2

[Event "TCh-FRA Top 16 GpA 2023"]
[Site "Chartres FRA"]
[Date "2023.06.02"]
[Round "2.4"]
[Board "2"]
[White "Prusikin, Michael"]
[Black "Naiditsch, Arkadij"]
[Result "1/2-1/2"]
[WhiteTitle "GM"]
[BlackTitle "GM"]
[WhiteElo "2513"]
[BlackElo "2669"]
[WhiteTeam "C.E.Strasbourg"]
[BlackTeam "Bischwiller"]
[WhiteFideId "4642325"]
[BlackFideId "4650891"]
[EventDate "2023.06.01"]

1. d4 Nf6 2. c4 e6 3. Nf3 d5 4. Nc3 Nbd7 5. Bf4 Bb4 6. cxd5 exd5 7. Rc1 O-O 8.
e3 c5 9. Bd3 c4 10. Bb1 b5 11. O-O a6 12. Ne5 Qe8 13. Qf3 Qe6 14. Nxd7 Bxd7 15.
Be5 Bxc3 16. bxc3 Ne4 17. Qe2 f6 18. Bf4 g5 19. Bxe4 Qxe4 20. Bg3 Rae8 21. Rfe1
Qg6 22. f3 Bf5 23. Qb2 Re6 24. Qa3 Rc8 25. e4 dxe4 26. d5 Ree8 27. Qxa6 exf3 28.
gxf3 Bd7 29. Qd6 Bh3 30. Qb6 Qf5 31. d6 Qxf3 32. Qf2 Qc6 33. Qd2 h5 34. Be5 Qc5+
35. Bd4 Qxd6 36. Rxe8+ Rxe8 37. Re1 Rxe1+ 38. Qxe1 Kf7 39. Qe4 Qe6 40. Qh7+ Ke8
41. Qxh5+ Kd7 42. Kf2 b4 43. cxb4 Bg4 44. Qh7+ Kc6 45. Qc2 Kd5 46. Bc3 Qb6+ 47.
Kg3 f5 48. Qd2+ Ke4 49. Qg2+ Kd3 50. Qd2+ Ke4 51. Qg2+ Kd3 52. Qd2+ Ke4 1/2-1/2

[Event "TCh-FRA Top 16 GpA 2023"]
[Site "Chartres FRA"]
[Date "2023.06.02"]
[Round "2.4"]
[Board "3"]
[White "Fressinet, Laurent"]
[Black "Rozentalis, Eduardas"]
[Result "1-0"]
[WhiteTitle "GM"]
[BlackTitle "GM"]
[WhiteElo "2632"]
[BlackElo "2528"]
[WhiteTeam "Bischwiller"]
[BlackTeam "C.E.Strasbourg"]
[WhiteFideId "608742"]
[BlackFideId "12800023"]
[EventDate "2023.06.01"]

1. d4 Nf6 2. Nf3 e6 3. Bg5 h6 4. Bh4 c5 5. e3 Nc6 6. Nbd2 cxd4 7. exd4 Be7 8. c3
d6 9. Bc4 O-O 10. O-O Bd7 11. Re1 Nh5 12. Bxe7 Nxe7 13. a4 Qc7 14. Bb5 Nf6 15.
Qb3 Nc6 16. Qa3 Rfd8 17. a5 e5 18. dxe5 dxe5 19. Qc5 b6 20. Qc4 Rac8 21. a6 Re8
22. Ne4 Nxe4 23. Qxe4 Nd4 24. cxd4 Bxb5 25. Nxe5 Qd6 26. Nxf7 Kxf7 27. Qf5+ Qf6
28. Qxb5 Qxd4 29. g3 Rxe1+ 30. Rxe1 Kg8 31. Qb3+ Kh8 32. Qf7 Qxb2 33. Qxa7 Rf8
34. Rf1 b5 35. Qc5 Ra8 36. Qc6 Rf8 37. a7 Qa2 38. Qb6 Kh7 39. Qd4 Qc4 40. Qxc4 1-0

[Event "TCh-FRA Top 16 GpA 2023"]
[Site "Chartres FRA"]
[Date "2023.06.02"]
[Round "2.4"]
[Board "4"]
[White "Sharif, Mehrshad"]
[Black "Rodshtein, Maxim"]
[Result "0-1"]
[WhiteTitle "IM"]
[BlackTitle "GM"]
[WhiteElo "2330"]
[BlackElo "2604"]
[WhiteTeam "C.E.Strasbourg"]
[BlackTeam "Bischwiller"]
[WhiteFideId "600121"]
[BlackFideId "2806851"]
[EventDate "2023.06.01"]

1. Nf3 d5 2. g3 g6 3. Bg2 Bg7 4. d4 c6 5. O-O Nf6 6. b3 a5 7. Bb2 O-O 8. c4 b5
9. Ne5 Qb6 10. cxb5 cxb5 11. Nc3 e6 12. Rc1 Bb7 13. e3 Nfd7 14. Nxd7 Nxd7 15.
Re1 Rfc8 16. Bf1 Bc6 17. Re2 Nf6 18. Rec2 Bd7 19. Bd3 Rcb8 20. a4 bxa4 21. bxa4
Ne4 22. Nxe4 dxe4 23. Bxe4 Bxa4 24. Bxa8 Bxc2 25. Qxc2 Rxa8 26. Ba3 Bf8 27. Bxf8
Rxf8 28. Qc5 Qa6 29. Qc4 Qb7 30. Qc6 Qxc6 31. Rxc6 Ra8 32. Rc3 a4 33. Ra3 Kf8
34. Kf1 Ke7 35. Ke2 Kd6 36. Kd3 e5 37. dxe5+ Kxe5 38. f4+ Kd5 39. e4+ Kc5 40.
Kc3 f6 41. g4 Kb5 42. Kb2 Re8 43. Re3 Kc4 44. Rc3+ Kd4 45. Rc6 Rxe4 46. Rxf6
Re2+ 47. Ka3 Rxh2 48. Kxa4 Rh4 0-1

[Event "TCh-FRA Top 16 GpA 2023"]
[Site "Chartres FRA"]
[Date "2023.06.02"]
[Round "2.4"]
[Board "5"]
[White "Maze, Sebastien"]
[Black "Roos, Louis"]
[Result "1-0"]
[WhiteTitle "GM"]
[BlackTitle "IM"]
[WhiteElo "2539"]
[BlackElo "2254"]
[WhiteTeam "Bischwiller"]
[BlackTeam "C.E.Strasbourg"]
[WhiteFideId "613762"]
[BlackFideId "600288"]
[EventDate "2023.06.01"]

1. e4 e6 2. d4 d5 3. Nc3 Nf6 4. Bg5 dxe4 5. Nxe4 Be7 6. Bxf6 Bxf6 7. Nf3 Bd7 8.
Bd3 Bc6 9. c3 Nd7 10. Qc2 Bxe4 11. Bxe4 c6 12. h4 h6 13. a4 a5 14. g3 Qc7 15. h5
O-O 16. O-O Rfe8 17. Rfe1 Rad8 18. Rad1 Nf8 19. Bd3 Rd5 20. Be4 Rdd8 21. Kg2 e5
22. d5 cxd5 23. Bxd5 Re7 24. Rd2 Rd6 25. Qf5 Rb6 26. Red1 Re8 27. Be4 Qc8 28.
Re1 Qxf5 29. Bxf5 Ne6 30. Nxe5 Nc5 31. Rde2 1-0

[Event "TCh-FRA Top 16 GpA 2023"]
[Site "Chartres FRA"]
[Date "2023.06.02"]
[Round "2.4"]
[Board "6"]
[White "Olguin, Monica"]
[Black "Le Roux, Jean-Pierre"]
[Result "0-1"]
[BlackTitle "GM"]
[WhiteElo "1619"]
[BlackElo "2509"]
[WhiteTeam "C.E.Strasbourg"]
[BlackTeam "Bischwiller"]
[WhiteFideId "26032732"]
[BlackFideId "609404"]
[EventDate "2023.06.01"]

1. e4 Nf6 2. e5 Nd5 3. d4 d6 4. Nf3 dxe5 5. dxe5 Nc6 6. Bc4 Ndb4 7. Qxd8+ Nxd8
8. Na3 Be6 9. Bxe6 Nxe6 10. Bd2 Nc6 11. O-O-O O-O-O 12. Rhe1 g6 13. Ng5 Rxd2 14.
Rxd2 Nxg5 15. f4 Ne6 16. g3 h5 17. Red1 Bh6 18. Kb1 Nxe5 19. fxe5 Bxd2 20. Rxd2
h4 21. c3 hxg3 22. hxg3 Rh1+ 23. Kc2 Rg1 24. Rf2 Ng5 0-1

[Event "TCh-FRA Top 16 GpA 2023"]
[Site "Chartres FRA"]
[Date "2023.06.03"]
[Round "3.1"]
[Board "1"]
[White "Sanikidze, Tornike"]
[Black "Kamsky, Gata"]
[Result "1/2-1/2"]
[WhiteTitle "GM"]
[BlackTitle "GM"]
[WhiteElo "2491"]
[BlackElo "2659"]
[WhiteTeam "C.E.Strasbourg"]
[BlackTeam "C'Chartres Echecs"]
[WhiteFideId "13602608"]
[BlackFideId "2000024"]
[EventDate "2023.06.01"]

1. d4 d5 2. c4 dxc4 3. e4 e5 4. Nf3 exd4 5. Bxc4 Bb4+ 6. Nbd2 Nc6 7. O-O Nf6 8.
e5 Nd5 9. Nb3 Nb6 10. Bb5 Qd5 11. Bxc6+ bxc6 12. Qxd4 a5 13. Bd2 Nc4 14. Bxb4
axb4 15. Rfc1 Qxd4 16. Nfxd4 Nxb2 17. Rxc6 O-O 18. Rxc7 Nd3 19. Nc6 Re8 20. Nbd4
Kf8 21. h3 Ra4 22. Rb1 Rxa2 23. Nxb4 Nxb4 24. Rxb4 Rd2 25. f4 g6 26. Nf3 Rd1+
27. Kh2 h6 28. Nd4 Rd8 29. Nc6 Re8 30. Nd4 Rd8 31. e6 R8xd4 32. Rxc8+ Ke7 33.
exf7 Kxf7 34. Rbb8 Rd7 35. Rh8 Kg7 36. Rbg8+ Kf7 37. h4 R1d5 38. Kh3 Rd3+ 39.
Kh2 R3d5 40. Rf8+ Kg7 41. Rfg8+ Kf7 42. Ra8 Kg7 43. Rhe8 h5 44. Re6 R5d6 45. Re5
Rd5 46. Rg5 Rxg5 47. fxg5 Rd3 48. Ra7+ Kg8 49. Ra6 Kg7 50. Rf6 Rc3 51. Rf3 Rc4
52. g3 Rb4 53. Kg2 Rb2+ 54. Rf2 Rb3 55. Re2 Kf7 56. Kf2 Ra3 57. Re3 Ra4 58. Kf3
Rb4 59. Re4 Rb7 60. Rc4 Re7 61. Kf4 Kg7 62. Rc5 Kf7 63. Rd5 Re1 64. Rd7+ Kf8 65.
Rd4 Kf7 66. Re4 Ra1 67. Rb4 Re1 68. Rb3 Re7 69. Re3 Ra7 70. Re4 Ra1 71. Rc4 Re1
72. Rc7+ Kf8 73. Rc4 Kf7 1/2-1/2

[Event "TCh-FRA Top 16 GpA 2023"]
[Site "Chartres FRA"]
[Date "2023.06.03"]
[Round "3.1"]
[Board "2"]
[White "Mamedov, Rauf"]
[Black "Prusikin, Michael"]
[Result "1/2-1/2"]
[WhiteTitle "GM"]
[BlackTitle "GM"]
[WhiteElo "2642"]
[BlackElo "2513"]
[WhiteTeam "C'Chartres Echecs"]
[BlackTeam "C.E.Strasbourg"]
[WhiteFideId "13401653"]
[BlackFideId "4642325"]
[EventDate "2023.06.01"]

1. Nf3 d5 2. g3 c5 3. Bg2 Nf6 4. O-O e6 5. c4 d4 6. e3 Nc6 7. exd4 cxd4 8. d3
Bd6 9. a3 a5 10. Bg5 h6 11. Bxf6 Qxf6 12. Nbd2 Qd8 13. Ne1 O-O 14. Nc2 e5 15.
Rb1 a4 16. Re1 Re8 17. b4 axb3 18. Rxb3 Ra7 19. Qh5 Bf8 20. Bd5 Be6 21. Qf3 Qd7
22. Rb5 Bxa3 23. Nxa3 Rxa3 24. Reb1 Nd8 25. Bxe6 Qxe6 26. Ne4 Qc6 27. Rd5 Ra6
28. Nd6 Rf8 29. h4 Ne6 30. Nf5 Qc7 31. Re1 f6 32. Rb5 Rc6 33. Reb1 Rb8 34. h5
Kh8 35. Nh4 Nf8 36. Nf5 Ne6 37. Nh4 Nf8 38. c5 Rxc5 39. Rxb7 Rxb7 40. Rxb7 Qc8
41. Rf7 Kg8 42. Nf5 Kxf7 43. Nd6+ Kg8 44. Nxc8 Rxc8 45. Qd5+ Kh8 46. f4 Nh7 47.
Kf2 exf4 48. gxf4 f5 49. Qd7 Rc2+ 50. Kg3 Nf6 51. Qxf5 Rc7 1/2-1/2

[Event "TCh-FRA Top 16 GpA 2023"]
[Site "Chartres FRA"]
[Date "2023.06.03"]
[Round "3.1"]
[Board "3"]
[White "Rozentalis, Eduardas"]
[Black "Tiviakov, Sergei"]
[Result "0-1"]
[WhiteTitle "GM"]
[BlackTitle "GM"]
[WhiteElo "2528"]
[BlackElo "2548"]
[WhiteTeam "C.E.Strasbourg"]
[BlackTeam "C'Chartres Echecs"]
[WhiteFideId "12800023"]
[BlackFideId "1008013"]
[EventDate "2023.06.01"]

1. e4 e6 2. d4 d5 3. Nd2 c5 4. exd5 Qxd5 5. Ngf3 cxd4 6. Bc4 Qd8 7. O-O Nc6 8.
Nb3 a6 9. Nbxd4 Nxd4 10. Qxd4 Qxd4 11. Nxd4 Nf6 12. Bf4 Bc5 13. Rad1 Bd7 14.
Rfe1 Rc8 15. Bb3 O-O 16. c3 Rfd8 17. h3 b5 18. a3 a5 19. Be3 Bf8 20. Nc2 Bc6 21.
Rxd8 Rxd8 22. Bb6 Ra8 23. c4 Be4 24. Rc1 a4 25. Ba2 bxc4 26. Ne3 c3 27. Bd4 cxb2
28. Bxb2 Nd5 29. Rc4 Nxe3 30. Rxe4 Nd1 31. Be5 Bxa3 32. Re2 Bc5 33. Kf1 Nxf2 34.
Rxf2 Bxf2 35. Kxf2 Rc8 0-1

[Event "TCh-FRA Top 16 GpA 2023"]
[Site "Chartres FRA"]
[Date "2023.06.03"]
[Round "3.1"]
[Board "4"]
[White "Bauer, Christian"]
[Black "Vitoux, Colomban"]
[Result "1-0"]
[WhiteTitle "GM"]
[BlackTitle "IM"]
[WhiteElo "2593"]
[BlackElo "2371"]
[WhiteTeam "C'Chartres Echecs"]
[BlackTeam "C.E.Strasbourg"]
[WhiteFideId "603767"]
[BlackFideId "628549"]
[EventDate "2023.06.01"]

1. d4 Nf6 2. Nf3 d5 3. c4 c6 4. g3 g6 5. Bg2 Bg7 6. O-O O-O 7. b3 a5 8. Nc3 Ne4
9. Bb2 Nxc3 10. Bxc3 Nd7 11. cxd5 cxd5 12. Rc1 b5 13. Bd2 Bb7 14. Bf4 Rc8 15.
Rxc8 Bxc8 16. Qc2 Qb6 17. Rc1 f6 18. e4 e5 19. Be3 dxe4 20. dxe5 Qb7 21. Nd4
Nxe5 22. Bxe4 Qa6 23. Qc7 Ng4 24. Qe7 f5 25. Bd5+ Kh8 26. Rc6 Nxe3 27. fxe3 1-0